00425 2200169 4500001002100000005001500021008004100036020002200077035001900099041000700118082001400125090002000139100001700159245001500176260004100191300002300232INLIS00000000003209520241224133341241224||||||||| | ||| |||| || |  a978-623-00-0539-8 0010-1224032095 aid0 a629.132.6 a629.132.6 CHO w0 aYoungsun CHO00aWhy? Drone aJakartabElex Media Komputindoc2019 a24cm - 159 halaman